| 000 | 00467nam a2200169 4500 | ||
|---|---|---|---|
| 003 | SEACOMMC | ||
| 005 | 20250426115252.0 | ||
| 008 | 241205b |||||||| |||| 00| 0 eng d | ||
| 020 |
_a978-07-6194-181-1 _cRs.395.00 |
||
| 040 | _aSEACOMMC | ||
| 082 |
_a070.4 _bF 597 |
||
| 100 | _aFleming, Carrole | ||
| 245 | 1 |
_aAn Introduction to Journalism _cCarole Fleming...[et al.] |
|
| 260 |
_aNew Delhi _b Vistaar publications _c 2006 |
||
| 650 | _aIndian Journal | ||
| 942 | _cBOOK | ||
| 999 |
_c827 _d827 |
||